Mountains Of Our Destiny: The Himalayas (Record no. 47314)

MARC details
000 -LEADER
fixed length control field 00714nam a22001937a 4500
005 - DATE AND TIME OF LATEST TRANSACTION
control field 20260305095245.0
008 - FIXED-LENGTH DATA ELEMENTS--GENERAL INFORMATION
fixed length control field 260303b |||||||| |||| 00| 0 eng d
020 ## - INTERNATIONAL STANDARD BOOK NUMBER
International Standard Book Number 9789393875020
040 ## - CATALOGING SOURCE
Transcribing agency VITAP
082 ## - DEWEY DECIMAL CLASSIFICATION NUMBER
Edition number 23
Classification number 915.496 RAM
100 ## - MAIN ENTRY--PERSONAL NAME
Personal name Ramanan, Vrinda
9 (RLIN) 17175
245 ## - TITLE STATEMENT
Title Mountains Of Our Destiny: The Himalayas
Remainder of title : An Expedition to The Indian Range
Statement of responsibility, etc. / Vrinda Ramanan
260 ## - PUBLICATION, DISTRIBUTION, ETC.
Place of publication, distribution, etc. Chennai
Name of publisher, distributor, etc. THG Publishing Pvt. Ltd
Date of publication, distribution, etc. 2022
300 ## - PHYSICAL DESCRIPTION
Extent 325p,ill: 23*34cm
500 ## - GENERAL NOTE
General note It include bibliography
650 #0 - SUBJECT ADDED ENTRY--TOPICAL TERM
Topical term or geographic name entry element The Himalayas, Mountaineering & Expedition Life, Adventure & Exploration, Geography & Environment, Local Culture & Communities etc.
9 (RLIN) 17176
700 ## - ADDED ENTRY--PERSONAL NAME
Personal name Ramanan, J
9 (RLIN) 17177
942 ## - ADDED ENTRY ELEMENTS (KOHA)
Source of classification or shelving scheme Dewey Decimal Classification
Koha item type Reference Book
Holdings
Withdrawn status Lost status Source of classification or shelving scheme Materials specified (bound volume or other part) Damaged status Not for loan Collection code Home library Current library Shelving location Date acquired Source of acquisition Cost, normal purchase price Inventory number Total Checkouts Full call number Barcode Date last seen Cost, replacement price Price effective from Koha item type Public note
    Dewey Decimal Classification Hard Bound   Not For Loan Reference School of Business & General Section VIT-AP Reference 2026-02-13 B.V. Pratap, The Hindu News Agent 2999.00 2026/2/325   915.496 RAM 025526 2026-03-03 2999.00 2026-02-13 Reference Book GEN

Visitor Number: